Responses for Show #4680 - Friday, December 31, 2004

Kerry Breitenbach game 1.

Contestants

[<< previous game]

Michael Starsinic, a mathematical statistician from Bowie, Maryland

Kerry Breitenbach, a marketing analyst from South Euclid, Ohio

Maura Gatowski, a technology manager from Beverly Hills, Michigan (whose 1-day cash winnings total $6,200)

[next game >>]

Jeopardy! Round responses

HISTORY
ESPN's TOP 10 ALL-TIME ATHLETES
EVERYBODY TALKS ABOUT IT...
THE COMPANY LINE
EPITAPHS & TRIBUTES
3-LETTER WORDS
    $200 4
Copernicus

Michael
    $200 1
Jim Thorpe

Kerry
    $200 26
Arizona

Kerry
    $200 21
McDonald's

Maura
    $200 11
John Adams

Kerry
    $200 16
the ant

Maura
    $400 5
the Appian Way

Kerry
    $400 2
Michael Jordan

Maura
    $400 27
Washington

Michael
    $400 22
Crate & Barrel

Michael
    $400 12
Jackie Gleason

Maura
    $400 17
the cud

Maura
    $600 6
Ceylon (or Sri Lanka)

Kerry
    $600 3
Jim Brown

Michael
    $600 28
the UV index

Michael
    $600 23
Bulova

Maura
    $600 13
Jesse James

Michael
    $600 18
imp

Maura
    $800 7
the International

Michael
    $800 9
(Lou) Gehrig

Michael
    $800 29
[The-end-of-round signal sounds]

Morocco

Kerry
    $800 24
(Paul) Bonwit

Kerry
    $2,000 14
(Michael: Who is Smith?)

Hattie McDaniel (for her role in Gone with the Wind)

Michael
    $800 19
era

Kerry
    $1000 8
the Congress Party

Michael
    $1000 10
(Wilt) Chamberlain

Michael
    $1000 25
K2

Maura
    $1000 15
Ethan Allen

Kerry
    $1000 20
ply

Maura

Scores at the first commercial break (after clue 14):

Maura Kerry Michael
$800 $1,400 $3,000

Scores at the end of the Jeopardy! Round:

Maura Kerry Michael
$4,800 $5,000 $4,400

Double Jeopardy! Round responses

DR. SEUSS AT THE MULTIPLEX
(Alex: All of the clues will be read by a voice I'm sure you'll recognize, that of Don LaFontaine, and you've heard him on hundreds of movie trailers.)
PRESIDENTIAL STATES OF BIRTH
AIRLINE TRAVEL
THAT OLD-TIME RELIGION
MUSICAL TRAINS
"X"s & "O"s
    $400 23
Horton

Maura
    $400 16
(Michael: Who is Reagan?)

Nixon

KerryMichael
    $400 6
a kennel

Michael
    $400 1
Moses

Michael
    $400 18
Aerosmith

Maura
    $400 11
oratory

Kerry
    $800 17
(Michael: Who is Pierce?)

Coolidge (or Chester Arthur)

MauraMichael
    $800 7
(Maura: What is first class?)

business class

MauraKerry
    $800 2
Muhammed

Michael
    $800 19
the "Mystery Train"

Triple Stumper
    $800 12
an old-fashioned

Kerry
    $1200 26
[The end-of-round signal sounds.]

Yertle

Michael
    $2,000 8
(Kerry: What is Sabina?)

Air France

Kerry
    $1200 3
the Quakers

Kerry
    $1200 20
(Sheena) Easton

Michael
    $1200 13
(Kerry: What is organdy?)
(Alex: ...More specific.)
(Kerry: What is silk organdy?)

organza

Kerry
Triple Stumper
    $1600 25
Mulberry Street

Kerry
    $1600 9
(Michael: What is Song?)

Ted

KerryMichael
    $1600 4
(Kerry: Who is Calvin?)

(John) Knox

KerryMichael
    $1600 21
The Clash

Kerry
    $1600 14
XC

Kerry
    $2000 24
Bartholomew Cubbins

Kerry
    $2000 10
Mall

Kerry
    $3,200 5
(St. Ignatius) Loyola

Michael
    $2000 22
(Maura: What is the "Love Train"?)
(Kerry: What is the "Soul Train"?)

"Night Train"

MauraKerry
Triple Stumper
    $2000 15
the XYZ Affair

Michael

Scores at the end of the Double Jeopardy! Round:

Maura Kerry Michael
$3,600 $12,200 $12,400

[wagering suggestions for these scores]

Final Jeopardy! Round responses

THE SOLAR SYSTEM
MauraWho is Icarus?
$0
KerryWho is Apollo
$4,900
MichaelWho is Vulcan?
$12,001
Icarus

Final scores:

Maura Kerry Michael
$3,600 $7,300 $399
2nd place: $2,000 New champion: $7,300 3rd place: $1,000

Game dynamics:

Coryat scores:

Maura Kerry Michael
$3,600 $14,200 $13,200
12 R,
2 W
20 R,
4 W
(including 1 DD)
18 R
(including 1 DD),
4 W
(including 1 DD)

Combined Coryat: $31,000

[game clues] [game scores] [suggest correction]

Game tape date: 2004-11-02
The J! Archive is created by fans, for fans. Scraping, republication, monetization, and malicious use prohibited; this site may use cookies and collect identifying information. See terms. The Jeopardy! game show and all elements thereof, including but not limited to copyright and trademark thereto, are the property of Jeopardy Productions, Inc. and are protected under law. This website is not affiliated with, sponsored by, or operated by Jeopardy Productions, Inc. Join the discussion at JBoard.tv.